| 000 | 00491nam a2200157 u 4500 | ||
|---|---|---|---|
| 001 | 000001780 | ||
| 005 | 20200929145710.0 | ||
| 008 | 090629s2005 dr r 000 0 spa d | ||
| 040 | _aDO-SdBNP | ||
| 082 |
_bK123h _a864.2344 |
||
| 100 | 1 |
_aKeller, Nora Okja _95785 |
|
| 245 | 1 | 0 |
_aHija del Bambú / _cNora Okja Keller ; traducción Eva Rodríguez Halffter. |
| 260 |
_aBarcelona : _bRandom House Mondadori, _c2005. |
||
| 300 |
_a269 p. ; _c24 cm. |
||
| 700 | 1 |
_aRodríguez Halffter, Eva, _etr. _95786 |
|
| 999 |
_c1657 _d1657 |
||